00733nai a2200181Ia 4500003000900000008004100009022002200050022002300072040001600095245006200111260008600173310001400259362002800273521006900301650004500370650004600415856009000461IN-BaIIA211028c9999 xx s 000 0 eng d a0046-838X (Print) a1558-3074 (Online) cIIA Library 0aIEEE Transactions on Manufacturing Technologyh[eJournal] aNew York, USAbThe Institute of Electrical and Electronics Engineers, Inc. (IEEE) aQuarterly a1(1); 1972 - 6(4); 1977 bSubscribed through National Knowledge Resource Consortium (NKRC) a Power, Energy and Industry Applications aComponents, Circuits, Devices and Systems uhttps://ieeexplore.ieee.org/servlet/opac?punumber=8218yClick Here to Access eJournal